[Event "Titled Tuesday intern op 23rd Feb"]
[Site "Chess.com INT"]
[Date "2021.02.23"]
[Round "7"]
[White "Lauridsen, Jesper Morch"]
[Black "Veiga, Emerson de Sousa"]
[Result "0-1"]
[WhiteElo "2215"]
[BlackElo "2072"]
[PlyCount "50"]
[EventDate "2021.02.23"]
[EventType "swiss (blitz)"]
[EventRounds "11"]
[EventCountry "USA"]
[SourceTitle "CBM 200 Extra"]
[Source "ChessBase"]
[SourceDate "2021.03.31"]
[SourceVersion "1"]
[SourceVersionDate "2021.03.31"]
[SourceQuality "1"]

1. e4 c5 2. c3 Nf6 3. e5 Nd5 4. d4 cxd4 5. Nf3 Nc6 6. Bc4 Nb6 7. Bb3 d6 8. exd6 Qxd6 9. Na3 a6 10. 0-0 dxc3 11. Qe2 Bf5 12. Be3 Bd3 13. Bxf7+ Kxf7 14. Ng5+ Kg8 15. Qf3 Ne5 16. Qxb7 Rb8 17. Qa7 cxb2 18. Rad1 Nc6 19. Bxb6 Nxa7 20. Bxa7 Rb7 21. Nc4 Qd5 22. Nxb2 Rxb2 23. Nf3 Qc4 24. Rfe1 Be2 25. Ne5 Qc7 0-1

[Event "Titled Tuesday intern op 23rd Feb"]
[Site "Chess.com INT"]
[Date "2021.02.23"]
[Round "9"]
[White "Veiga, Emerson de Sousa"]
[Black "Aradhya, Garg"]
[Result "0-1"]
[WhiteElo "2072"]
[BlackElo "2198"]
[PlyCount "96"]
[EventDate "2021.02.23"]
[EventType "swiss (blitz)"]
[EventRounds "11"]
[EventCountry "USA"]
[SourceTitle "CBM 200 Extra"]
[Source "ChessBase"]
[SourceDate "2021.03.31"]
[SourceVersion "1"]
[SourceVersionDate "2021.03.31"]
[SourceQuality "1"]

1. e4 e5 2. Bc4 Nf6 3. d3 Nc6 4. Nc3 Na5 5. Nge2 Be7 6. 0-0 0-0 7. Ng3 Nxc4 8. dxc4 d6 9. Qd3 Be6 10. b3 Nd7 11. Ba3 Nc5 12. Qf3 c6 13. Rad1 Qa5 14. Bb2 Rad8 15. a3 Qc7 16. Nf5 a5 17. Ne2 Kh8 18. Neg3 g6 19. Nxe7 Qxe7 20. Qc3 b6 21. f4 f6 22. f5 gxf5 23. Nxf5 Bxf5 24. Rxf5 Ne6 25. Qe3 c5 26. Rdf1 Rf7 27. Qf3 Rdf8 28. Kh1 Nd4 29. Bxd4 exd4 30. Qf4 Re8 31. Re1 Rg8 32. h3 Rg5 33. Kh2 Rxf5 34. Qxf5 Qe5+ 35. Kg1 Re7 36. Rf1 Qxf5 37. exf5 Re2 38. Rf2 Re1+ 39. Rf1 Re2 40. Rf2 Re1+ 41. Rf1 Re5 42. Kh2 Kg7 43. Kg3 Kh6 44. Rf2 Kh5 45. Kf4 Re1 46. g4+ Kh4 47. g5 fxg5+ 48. Kf3 Kh5 0-1